Memorias de D. Fernando IV de Castilla. (Record n. 4986)
[ formato base ]
| 000 -LEADER | |
|---|---|
| fixed length control field | 00927nam a2200181 i 4500 |
| 003 - CONTROL NUMBER IDENTIFIER | |
| control field | IT-RoINE |
| 005 - DATE AND TIME OF LATEST TRANSACTION | |
| control field | 20200622052225.0 |
| 008 - FIXED-LENGTH DATA ELEMENTS--GENERAL INFORMATION | |
| fixed length control field | 930725s1860 sp r 000|||spa d |
| 040 ## - CATALOGING SOURCE | |
| Original cataloging agency | SpMaBN |
| Transcribing agency | IT-RoINE |
| Modifying agency | SpMaBN |
| -- | IT-RoINE |
| 100 0# - MAIN ENTRY--PERSONAL NAME | |
| 9 (RLIN) | 10545 |
| Personal name | Fernando |
| Numeration | IV, |
| Titles and other words associated with a name | Rey de Castilla, |
| Dates associated with a name | 1285-1312 |
| 245 10 - TITLE STATEMENT | |
| Title | Memorias de D. Fernando IV de Castilla. |
| 260 ## - PUBLICATION, DISTRIBUTION, ETC. (IMPRINT) | |
| Place of publication, distribution, etc | Madrid : |
| Name of publisher, distributor, etc | Imprenta de José Rodriguez, |
| Date of publication, distribution, etc | 1860. |
| 300 ## - PHYSICAL DESCRIPTION | |
| Extent | 2 v., h. de lám. pleg. ; |
| Dimensions | 27 cm. |
| 505 0# - FORMATTED CONTENTS NOTE | |
| Formatted contents note | T. I: Contiene la crónica de dicho Rey, copiada de un códice existene en la Biblioteca Nacional / anotada y ampliamente ilustrada por Antonio Benavides... (CXVII,696 p.) -- T. II: Contiene la colección diplomática que comprueba la crónica / arreglada y anotada por Antonio Benavides... (912 p.) |
| 651 #4 - SUBJECT ADDED ENTRY--GEOGRAPHIC NAME | |
| Geographic name | Castilla (Reino) |
| General subdivision | Historia |
| Chronological subdivision | 1295-1312 (Fernando IV) |
| Form subdivision | Relatos personales |
| 9 (RLIN) | 67832 |
| 700 1# - ADDED ENTRY--PERSONAL NAME | |
| 9 (RLIN) | 10544 |
| Personal name | Benavides, Antonio, |
| Dates associated with a name | 1808-1884 |
| 942 ## - ADDED ENTRY ELEMENTS (KOHA) | |
| Item type | Monografías |
| Withdrawn status | Lost status | Damaged status | Not for loan | Home library | Current library | Date acquired | Total Checkouts | Full call number | Barcode | Date last seen | Price effective from | Koha item type | Public note |
|---|---|---|---|---|---|---|---|---|---|---|---|---|---|
| Iglesia Nacional Española en Roma | Iglesia Nacional Española en Roma | 18/07/2014 | FUE.HIS 471.1 | 6118 | 18/07/2014 | 18/07/2014 | Monografías | T. I: Contiene la crónica de dicho Rey, copiada de un códice existene en la Biblioteca Nacional. | |||||
| Iglesia Nacional Española en Roma | Iglesia Nacional Española en Roma | 18/07/2014 | FUE.HIS 471.2 | 6119 | 18/07/2014 | 18/07/2014 | Monografías | T. II: Contiene la colección diplomática que comprueba la crónica. |